000
00311nam a2200133Ia 4500
008
160319s9999 xx 000 0 und d
020
_a
9714206650
050
_b
IB13 2006
245
_a
Ibong Adarna /
245
_c
edited by Dolores Aranda
260
_b
Trinitas Pub. Inc.
260
_c
2006
300
_a
234
999
_c
292301
_d
292301